|
|
|
|
| LEADER |
00000nas a2200000 a 4500 |
| 001 |
ssj0001648 |
| 003 |
WaSeSS |
| 005 |
20200512172242.0 |
| 006 |
m d |
| 007 |
cr n |
| 008 |
031210c19929999oncqr pss 0 0eng c |
| 010 |
|
|
|a 2008268005
|
| 016 |
7 |
|
|a 2070524-4
|2 DE-600
|
| 022 |
|
|
|y 1188-4517
|
| 035 |
|
|
|a (WaSeSS)ssj0001648
|
| 040 |
|
|
|a FQM
|b eng
|c FQM
|d OCLCQ
|d DLC
|d SBH
|d FJM
|d CO3
|d OCLCQ
|d OCLCF
|d OCLCQ
|d DYJ
|d UAB
|d WT2
|d NJR
|d OCLCO
|d ILACE
|d BUF
|d OCLCQ
|d TOF
|d AU@
|d OCLCO
|d WYU
|d VT2
|d U3W
|d SFB
|d CNMTR
|d OCLCQ
|d OCLCO
|d OCLCA
|d WaSeSS
|
| 042 |
|
|
|a pcc
|
| 050 |
1 |
4 |
|a HQ57.6.C2
|b C365
|
| 060 |
0 |
0 |
|a W1
|b CA592
|
| 082 |
0 |
4 |
|a 616.6/906/05
|2 20
|
| 130 |
0 |
|
|a Canadian journal of human sexuality (Online)
|
| 245 |
1 |
0 |
|a Canadian journal of human sexuality
|h [electronic resource].
|
| 246 |
1 |
3 |
|a CJHS
|f <2002->
|
| 260 |
|
|
|a East York, Ont. :
|b Sieccan, Sex Information and Education Council of Canada
|
| 362 |
1 |
|
|a Print began with vol. 1, no. 1 (1992).
|
| 500 |
|
|
|a Published: Toronto, Ont. : Sieccan, <2000->.
|
| 506 |
|
|
|a License restrictions may limit access.
|
| 538 |
|
|
|a Mode of access: World Wide Web.
|
| 588 |
0 |
|
|a Print version record.
|
| 588 |
1 |
|
|a Vol. 17 (1-2) (2008) (EBSCOhost, viewed Nov. 7, 2008).
|
| 650 |
|
0 |
|a Sex
|v Periodicals.
|
| 650 |
|
0 |
|a Sexual disorders
|x Treatment
|v Periodicals.
|
| 650 |
|
0 |
|a Sex instruction
|v Periodicals.
|
| 650 |
|
2 |
|a Sexual Behavior.
|
| 650 |
|
2 |
|a Sex Education.
|
| 650 |
|
2 |
|a Sexual Dysfunction, Physiological.
|
| 650 |
|
7 |
|a Sex.
|2 fast
|0 (OCoLC)fst01114160
|
| 650 |
|
7 |
|a Sex instruction.
|2 fast
|0 (OCoLC)fst01114491
|
| 650 |
|
7 |
|a Sexual disorders
|x Treatment.
|2 fast
|0 (OCoLC)fst01114828
|
| 655 |
|
0 |
|a Electronic journals.
|
| 710 |
2 |
|
|a Sieccan.
|
| 776 |
0 |
8 |
|i Print version:
|t Canadian journal of human sexuality
|x 1188-4517
|w (DLC)cn 93030052
|w (OCoLC)27193661
|
| 780 |
0 |
0 |
|t Siecann journal
|
| 856 |
4 |
0 |
|z Full text available from Research Library: 01/01/1997 to 07/31/2012
|u https://search.proquest.com/publication/33400
|
| 856 |
4 |
0 |
|z Full text available from Research Library: 01/01/2013 to 09/30/2017
|u https://search.proquest.com/publication/2037334
|